The development of mathematical logic

Αποθηκεύτηκε σε:
Λεπτομέρειες βιβλιογραφικής εγγραφής
Κύριος συγγραφέας: Nidditch, P. H.
Μορφή: Βιβλίο
Γλώσσα:English
Δημοσίευση: London : Routledge & Kegan Paul, 1963, c1962
Σειρά:Monographs in modern logic
Θέματα:
Ετικέτες: Προσθήκη ετικέτας
Δεν υπάρχουν, Καταχωρήστε ετικέτα πρώτοι!

MARC

LEADER 00000cam a2200000 a 4500
001 1/106205
008 150504r19631962enk| ||| |||| ||eng||
040 |a GR-MyUa  |b gre  |c GR-MyUa  |e AACR2 
041 0 |a eng 
082 7 |a 511.3   |2 (23) 
100 1 |a Nidditch, P. H. 
245 1 3 |a The development of mathematical logic /   |c P. H. Nidditch.  
260 |a London :   |b Routledge & Kegan Paul,   |c 1963, c1962  
300 |a viii, 88 σ. ;   |c 18 εκ.  
490 1 |a (Monographs in modern logic) 
650 0 |a Mathematics  |x Philosophy. 
650 0 |a Logic, Symbolic and mathematical. 
830 0 |a Monographs in modern logic 
852 |a INST  |b SAMOS  |c MAG  |e 20150504  |h 511.3 NID  |p 005300034303  |q 005300034303  |t BK  |y 0 
970 |a Σιτζίμη  |b Γιασεμή  |z 2015/05/04